Program manažment a Projektové portfólio
Riadenie projektového portólia "Projekt Portfolio Management" - PPM. Projektový manažment je nástroj na dosiahnutie kvalitných výsledkov projektu. Efektívne využívanie zdrojov medzi jednotlivými projektmi na dosiahnutie strategickej zmeny a vízie firmy.
Enregistré dans:
| Auteur principal: | |
|---|---|
| Format: | Chapitre de livre |
| Langue: | slovaque |
| Sujets: | |
| Tags: |
Pas de tags, Soyez le premier à ajouter un tag!
|
MARC
| LEADER | 00000naa a2200000 4500 | ||
|---|---|---|---|
| 001 | 0206260 | ||
| 005 | 20230912114549.5 | ||
| 041 | 0 | |a slo | |
| 044 | |a SK | ||
| 245 | 1 | 0 | |a Program manažment a Projektové portfólio |c Peter Minárik |
| 520 | |a Riadenie projektového portólia "Projekt Portfolio Management" - PPM. Projektový manažment je nástroj na dosiahnutie kvalitných výsledkov projektu. Efektívne využívanie zdrojov medzi jednotlivými projektmi na dosiahnutie strategickej zmeny a vízie firmy. | ||
| 610 | 2 | 0 | |a manažment |
| 610 | 2 | 0 | |a manažéri |
| 610 | 2 | 0 | |a riadenie projektové |
| 610 | 2 | 0 | |a rozhodovanie manažérske |
| 610 | 2 | 0 | |a metódy riadenia |
| 610 | 2 | 0 | |a projekty |
| 100 | 1 | |a Minárik, Peter | |